000 02238nam0a22003491 4500
001 v19\rc\1690091
005 20250619023411.0
035 _a(NLR Aleph) 004794165
090 _a4760689
_c4760689
100 _a20061002e18971897|||y0rusy50 ca
101 0 _arus
102 _aRU
105 _aa z |||||
200 1 _aТеория прямолинейных конгруенций в связи с теорией поверхностей
_e(По лекциям проф. Darboux)
_eИз отчета о загран. командировке В.Г. Алексеева, проф. Имп. Юрьев. ун-та
210 _aМосква
_cУнив. тип.
_d1897
215 _a98, [1] с.
_cчерт.
_d25
311 _aИз "Учен. зап. Имп. Моск. ун-та". Отд. физ. мат.
488 0 _12001#$aУченые записки Императорского Московского университета$eОтд. физ. мат.
_tУченые записки Императорского Московского университета
488 0 _12001#$aОтчет о заграничной командировке В.Г. Алексеева, профессора Императорского Юрьевского университета
_1700#1$aАлексеев$bВ. Г.$cматематик$f1866-1943$gВиссарион Григорьевич$3RU\NLR\AUTH\770242890
_tОтчет о заграничной командировке В.Г. Алексеева, профессора Императорского Юрьевского университета
_aАлексеев, Виссарион Григорьевич (математик ; 1866-1943)
700 1 _7ca
_8rus
_aАлексеев
_bВ. Г.
_cматематик
_f1866-1943
_gВиссарион Григорьевич
_9242834
_3RU\NLR\AUTH\770242890
702 1 _4100
_7ca
_8rus
_aДарбу
_bЖ. Г.
_f1842-1917
_gЖан Гастон
_9149367
_3RU\NLR\AUTH\770149403
801 0 _aRU
_bNLR
_gpsbo
801 0 _aRU
_bRuMoRGB
_2psbo
801 1 _aRU
_bProSoft-M
_2rusmarc
852 _aNLR
_j18.209.7.42
899 _aRuMoRGB
_jV 45/311
899 _aRuMoRGB
_jL 3/243
899 _aБАН
899 _aНБ МГУ
942 _cBOOK
980 _aNB